Movie Smash #2 - Statistics

General Stats
  • This quiz has been taken 113 times
    81 since last reset
  • The average score is 12 of 16
Answer Stats
Clue Answer % Correct
Dawn of the ____ Poets Society Dead
100%
Guardians of the ______ Quest Galaxy
97%
A Time to ____ Bill Kill
94%
Some Like It ___ Shots! Hot
85%
The Hateful _____ Men Out Eight
82%
Raging ____ Durham Bull
81%
The Magnificent _____ Samurai Seven
79%
Vantage _____ Break Point
76%
First _____ Diamond Blood
74%
Drag Me to ____ or High Water Hell
74%
Pumping ____ Man Iron
66%
Vanilla ___ Captain and the World of Tomorrow Sky
56%
Ghosts of ____ Attacks! Mars
55%
Charlie Wilson's ___ Horse War
55%
The Great ______ from New York Escape
47%
Walking ____ Tale Tall
31%
No matching quizzes found
Score Distribution
Percent of People with Each Score
Percentile by Number Answered
Your Score History
You have not taken this quiz since the last reset